Statistics for Non-contiguous United States

Click here to take the quiz!

General Stats

  • This quiz has been taken 18 times
  • The average score is 7 of 16

Answer Stats

Alaska% Correct
Hawaii
94%
North Pacific OceanGuam
94%
Alaska
89%
CaribbeanPuerto Rico
83%
CaribbeanUnited States Virgin Islands
83%
North Pacific OceanNorthern Mariana Islands
50%
South Pacific OceanAmerican Samoa
44%
North Pacific OceanMidway Atoll
28%
North Pacific OceanWake Island
17%
North Pacific OceanPalmyra Atoll
11%
North Pacific OceanBaker Island
11%
North Pacific OceanHowland Island
11%
South Pacific OceanJarvis Island
11%
North Pacific OceanJohnston Atoll
11%
North Pacific OceanKingman Reef
11%
CaribbeanNavassa Island
11%

Score Distribution

Percentile by Number Answered

Percent of People with Each Score

Your Score History

You have not taken this quiz